Namoelectronics Materials,Divices, Applications (Record no. 2248)

MARC details
000 -LEADER
fixed length control field 00351nam a22001337a 4500
008 - FIXED-LENGTH DATA ELEMENTS--GENERAL INFORMATION
fixed length control field 250311b |||||||| |||| 00| 0 eng d
020 ## - INTERNATIONAL STANDARD BOOK NUMBER
ISBN 9783333572340538
100 ## - MAIN ENTRY--AUTHOR
Author Puers Robert
245 ## - TITLE STATEMENT
Title Namoelectronics Materials,Divices, Applications
260 ## - PUBLICATION, DISTRIBUTION, ETC. (IMPRINT)
Place of publication Germany
Name of publisher Wiley VCH
Date of publication 2017
300 ## - COLLATION
Pagination XLVIII,329P
942 ## - ADDED ENTRY ELEMENTS (KOHA)
Item type Books
050 ## - LIBRARY OF CONGRESS CALL NUMBER
Classification number TK7874.8
Item number .N36
Holdings
Source of classification or shelving scheme Not for loan Permanent location Current location Date acquired Accession No. Full call number Barcode. Koha item type
Library of Congress Classification   Samuel Ogbemudia Main Library, University of Abuja Samuel Ogbemudia Main Library, University of Abuja 03/11/2025 2024/63980-981 TK7874.8.N36 2025-0495 Books
Library of Congress Classification   Samuel Ogbemudia Main Library, University of Abuja Samuel Ogbemudia Main Library, University of Abuja 03/11/2025 2024/63980-981 TK7874.8.N36 2025-0496 Books